Detalles MARC
| 000 -CABECERA |
| fixed length control field |
01365nam a2200349 a 4500 |
| 001 - NUMERO DE CONTROL |
| control field |
58819 |
| 003 - CONTROL NUMBER IDENTIFIER |
| control field |
AR-BeUNQ |
| 005 - FECHA Y HORA DE LA ULTIMA TRANSACCION |
| control field |
20241209155001.0 |
| 007 - CAMPO FIJO DE DESCRIPCION FIJA - INFORMACION GENERAL |
| fixed length control field |
ta |
| 008 - ELEMENTOS DE LONGITUD FIJA-INFORMACION GENERAL |
| fixed length control field |
230711s2008 ag a 000 1dspa d |
| 020 ## - NUMERO INTERNACIONAL NORMALIZADO PARA LIBROS |
| Número Internacional Normalizado del libro |
9789875044616 |
| 040 ## - FUENTE DE CATALOGACION |
| Agencia de catalogación original |
AR-BaBN |
| Idioma de catalogación |
ESPAÑOL |
| Agencia que realiza la transcripción |
AR-BaBN |
| Agencia que realiza la modificación |
AR-BeUNQ |
| Convenciones de la descripción |
aacr |
| 082 04 - NUMERO DE CLASIFICACION DECIMAL DEWEYMBER |
| Número de la edición |
21 |
| Número de clasificación |
Ar 862 |
| 100 1# - ASIENTO PRINCIPAL-NOMBRE PERSONAL |
| Nombre personal |
Falconi, María Inés, |
| Fecha asociada al nombre |
1954- |
| 245 10 - MENCION DE TITULO |
| Título |
Jamle : |
| Otra información sobre el título |
versión libre gauchesca / |
| Mención de responsabilidad, etc |
María Inés Falconi. |
| 250 01 - MENCION DE EDICION |
| Mención de edición |
1a ed. |
| 260 01 - PUBLICACION, DISTRIBUCION, ETC. |
| Lugar de publicación, distribución, etc. |
Buenos Aires : |
| Nombre del editor, distribuidor, etc. |
Quipu, |
| Fecha de publicación, distribución, etc |
2008. |
| 300 ## - DESCRIPCION FISICA |
| Extensión |
127 p. : |
| Otros detalles físicos |
il. byn ; |
| Dimensiones |
21 cm. |
| 490 1# - MENCION DE SERIE |
| Mención de serie |
Teatro sin telones (Quipu) |
| 500 ## - NOTA GENERAL |
| Nota general |
La biblioteca posee además la edición para el Ministerio de Educación de la Nación del año 2021 (inv. 61266). |
| 500 ## - NOTA GENERAL |
| Nota general |
Colección Literaria para el Nivel Secundario del Plan Nacional de Lecturas del Ministerio de Educación de la Nación. |
| 500 ## - NOTA GENERAL |
| Nota general |
Ilustraciones de Jorge Osvaldo Herrero. |
| 500 ## - NOTA GENERAL |
| Nota general |
Prólogo de Susana Itzcovich. |
| 650 #7 - ASIENTO SECUNDARIO DE MATERIA - TERMINO TEMATICO |
| Término temático o nombre geográfico como elemento de entrada |
Literatura juvenil |
| Fuente del encabezamiento o términ |
tell |
| 650 #7 - ASIENTO SECUNDARIO DE MATERIA - TERMINO TEMATICO |
| Término temático o nombre geográfico como elemento de entrada |
Teatro |
| Fuente del encabezamiento o términ |
tell |
| 651 #7 - ASIENTO SECUNDARIO DE MATERIA - NOMBRE GEOGRAFICO |
| Nombre geográfico |
Argentina |
| Fuente del encabezamiento o término |
spines |
| 700 1# - ASIENTO SECUNDARIO - NOMBRE DE PERSONA |
| Personal name |
Herrero, Jorge Osvaldo |
| Relator term |
il. |
| 830 #0 - ASIENTO SECUNDARIO DE SERIE--TITULO UNIFORME |
| Título uniforme |
Teatro sin telones (Quipu) |
| 929 ## - DATOS DE ADQUISICION |
| Procedencia |
DONACION |
| Proveedor |
Ministerio de Educación de la Nación |
| Precio |
300,00 |
| Fecha de recibido |
20230629 |
| Patrimonio UNQ |
PAT0080238 |
| Es copia |
1 |
| Número de inventario |
61266 |
| 929 ## - DATOS DE ADQUISICION |
| Procedencia |
DONACION |
| Proveedor |
Ministerio de Educación de la Nación |
| Precio |
300,00 |
| Fecha de recibido |
20211006 |
| Patrimonio UNQ |
PAT0082723 |
| Es copia |
2 |
| Número de inventario |
58819 |
| 942 ## - ELEMENTOS DE PUNTO DE ACCESO ADICIONAL (KOHA) |
| Tipo de ítem Koha |
Libros |